00929nam a22002177a 450000500170000000800410001702000180005804000070007604100080008308200210009110000100011224500590012226000330018130000230021436500540023752003250029165000240061665000210064070000230066170000270068420260424110914.0241217b ||||| |||| 00| 0 eng d a9789388918121 cAL aeng 223a347.05bMULC aMulla aClassic commentary on the code of civil procedure 1908 aDelhibDelhi Law Housec2025 aclxxxviii,1822,48p 2Lawa1172b3062.35c₹d4195.00e27%f14-12-2024 aMulla’s Commentary on the Code of Civil Procedure (Act No. 5 of 1908) is a foundational 3-volume legal treatise providing comprehensive section-wise analysis, case law, and judicial interpretations of Indian civil procedural law. First published in 1900, it is widely regarded as a classic text for judges and lawyers. aMeditation Act 2023 aAct No 5 of 1908 aAggarwala, Adish C aDeshpande, Bhagyashree